<?xml version="1.0" encoding="UTF-8"?>
<record
    xmlns:xsi="http://www.w3.org/2001/XMLSchema-instance"
    xsi:schemaLocation="http://www.loc.gov/MARC21/slim http://www.loc.gov/standards/marcxml/schema/MARC21slim.xsd"
    xmlns="http://www.loc.gov/MARC21/slim">

  <leader>00479nam a2200133Ia 4500</leader>
  <controlfield tag="008">220512s9999    xx            000 0 eng d</controlfield>
  <datafield tag="100" ind1=" " ind2=" ">
    <subfield code="a">Shah, Amita </subfield>
  </datafield>
  <datafield tag="245" ind1=" " ind2="0">
    <subfield code="a">Estimates of BPL-Households in Rural Gujarat : Measurement, Spatial Pattern and Policy Imperatives /</subfield>
    <subfield code="c">Shah, Amita and Yagnik, Jignasu</subfield>
  </datafield>
  <datafield tag="260" ind1=" " ind2=" ">
    <subfield code="a">Ahmedabad :</subfield>
    <subfield code="b">Gujarat Institute of Development Research,</subfield>
    <subfield code="c">Aug-07</subfield>
  </datafield>
  <datafield tag="500" ind1=" " ind2=" ">
    <subfield code="a">Working Paper No 176</subfield>
  </datafield>
  <datafield tag="546" ind1=" " ind2=" ">
    <subfield code="a">English</subfield>
  </datafield>
  <datafield tag="700" ind1=" " ind2=" ">
    <subfield code="a">Yagnik, Jignasu</subfield>
  </datafield>
  <datafield tag="942" ind1=" " ind2=" ">
    <subfield code="c">PR</subfield>
  </datafield>
  <datafield tag="999" ind1=" " ind2=" ">
    <subfield code="c">36301</subfield>
    <subfield code="d">36301</subfield>
  </datafield>
  <datafield tag="952" ind1=" " ind2=" ">
    <subfield code="0">0</subfield>
    <subfield code="1">0</subfield>
    <subfield code="4">0</subfield>
    <subfield code="7">0</subfield>
    <subfield code="8">WP</subfield>
    <subfield code="a">NASSDOC</subfield>
    <subfield code="b">NASSDOC</subfield>
    <subfield code="d">2022-05-12</subfield>
    <subfield code="l">0</subfield>
    <subfield code="p">P554</subfield>
    <subfield code="r">2022-05-12 00:00:00</subfield>
    <subfield code="w">2022-05-12</subfield>
    <subfield code="y">PR</subfield>
  </datafield>
</record>
